|
|
|
|
| LEADER |
00000nab a2200000 a 4500 |
| 001 |
vtls001444557 |
| 003 |
SK-MaSNL |
| 005 |
20260303080621.0 |
| 008 |
021118sm y0sloyxo 0 slo |
| 015 |
|
|
|a BIOBB2002/02-00607
|
| 035 |
|
|
|a SNK000399786
|
| 040 |
|
|
|a SNK
|b slo
|c SNK
|e AACR2
|
| 041 |
0 |
|
|a slo
|
| 044 |
|
|
|a xo
|c SK
|
| 245 |
0 |
0 |
|a Medailóny autorov
|c Václav Macek
|
| 520 |
|
|
|a R.1978-84 vyštudoval divadelnú réžiu na VŠMU v Bratislave. R.1991 venuje sa divadelnej fotografii
|
| 600 |
1 |
7 |
|a Oľha, Matúš,
|d 1959-
|2 SNK
|9 103521
|
| 655 |
|
7 |
|a články zo zborníkov
|2 SNK
|9 166140
|
| 774 |
0 |
|
|w SK01SNK20020392786
|z ISBN 80-8059-058-3
|t Slovenská fotografia 1925-2000
|d Bratislava : Slovenská národná galéria, 2001
|g S.457
|
| 850 |
|
|
|a Slovenská národná knižnica v Martine
|
| 971 |
|
|
|e 19590908
|g Prešov (Slovensko)
|i fotograf
|
| 971 |
|
|
|i režisér
|
| 999 |
|
|
|c 1781213
|d 1783143
|